|
|
|
|
| LEADER |
00000cam a2200000 7i4500 |
| 001 |
0000002695 |
| 005 |
20031119.0 |
| 020 |
0 |
0 |
|a 983400043X
|
| 090 |
0 |
0 |
|a 923.2595
|b TRI 2003
|
| 245 |
0 |
2 |
|a A TRIBUTE to Dr. Mahathir Mohamad :
|b a great leader and statesman :
|b once upon a time ...
|
| 260 |
0 |
0 |
|a Johor Bahru, Joho :
|b Various Channels Communications ,
|c 2003
|
| 300 |
|
|
|a 378 p. :
|b col. ill. ;
|c 19 x 26 cm.
|
| 600 |
0 |
0 |
|a Mahathir bin Mohamad
|f Dato' Seri ,
|c 1925-
|
| 650 |
0 |
0 |
|a Leadership
|z Malaysia
|
| 650 |
0 |
0 |
|a Prime Minister
|z Malaysia
|x Biography
|
| 998 |
|
|
|a JPSM
|
| 999 |
|
|
|a 0000004721
|b Monograph
|c Open Shelf
|e Default branch
|